000 00256nam a2200097Ia 4500
001 649407
005 20250826153741.0
008 250824s9999 xx 000 0 und d
245 0 _aAYA YOLCULUK GENÇLİK KLASİKLERİ
_cJULES VERNE
260 _bTİMAŞ ÇOCUK
999 _c649407
_d649407